Company severance pay plans (Record no. 442639)

000 -LEADER
fixed length control field 00480cam a22001337a 4500
008 - FIXED-LENGTH DATA ELEMENTS--GENERAL INFORMATION
fixed length control field 180718b1957 xxu||||| |||| 00| 0 eng d
082 ## - DEWEY DECIMAL CLASSIFICATION NUMBER
Classification number K8 AM35c/c.3
100 ## - MAIN ENTRY--PERSONAL NAME
Personal name George h.haas and elizabeth r.floyd
245 ## - TITLE STATEMENT
Title Company severance pay plans
Statement of responsibility, etc. by h.haas.george and r.floyd.elizabeth
260 ## - PUBLICATION, DISTRIBUTION, ETC.
Place of publication, distribution, etc. New york
Name of publisher, distributor, etc. American management assoiation,inc.
Date of publication, distribution, etc. 1957
300 ## - PHYSICAL DESCRIPTION
Extent 47p.
650 ## - SUBJECT ADDED ENTRY--TOPICAL TERM
Topical term or geographic name entry element Personnel Management/American Management Association.
700 ## - ADDED ENTRY--PERSONAL NAME
Personal name American management associatio
Holdings
Withdrawn status Lost status Damaged status Not for loan Permanent Location Current Location Date acquired Full call number Barcode Date last seen Price effective from Koha item type
        Indian Institute of Public Administration Indian Institute of Public Administration 2012-05-28 K8 AM35c/c.3 22181 2018-07-21 2018-07-21 Book
        Indian Institute of Public Administration Indian Institute of Public Administration 2012-05-28 K8 AM35c/c.3 9712 2018-07-21 2018-07-21 Book

Powered by Koha